000 00598nam a2200181Ia 4500
005 20250507130353.0
008 008 250505s9999 xx 000 0 chi d
037 _aAnnuals, Advances
040 _aEASL
_beng
_cEASL
041 _achi
_2eng
084 _aT.41, P0
_qEASL
245 0 _aZhong Hua Ren Min Gong He Guo Jiao Yu Gai Kuang = Breif account of education in the people's republic of China
260 _aChina
_bBeijing Zhong Hua Ren Min Gong He Guo Jiao Yu Bu
_c2000
300 _a39p.
650 _aCEL
942 _cTEXL
_hT.41, P0
999 _c1319298
_d1319298